[Event "Basel Carnival op"]
[Site "Basel"]
[Date "2023.02.24"]
[Round "1"]
[White "Jedinger, Andreas"]
[Black "Lachausse, Bruno"]
[Result "1-0"]
[WhiteElo "2078"]
[BlackElo "1632"]
[PlyCount "65"]
[EventDate "2023.02.24"]
[EventType "swiss"]
[EventRounds "5"]
[EventCountry "SUI"]
[SourceTitle "CBM 213 Extra"]
[Source "ChessBase"]
[SourceDate "2023.05.31"]
[SourceVersion "1"]
[SourceVersionDate "2023.05.31"]
[SourceQuality "1"]

1. e4 c5 2. Nf3 e6 3. d4 cxd4 4. Nxd4 Nf6 5. Nc3 Nc6 6. Nxc6 bxc6 7. e5 Nd5 8. Ne4 f5 9. Nd6+ Bxd6 10. exd6 0-0 11. Be2 Qf6 12. 0-0 a5 13. c4 Nb6 14. Be3 Qd8 15. Qb3 Ra6 16. Bd4 a4 17. Qg3 Rf7 18. Bh5 g6 19. Qe5 Rf6 20. Be2 Kf7 21. Qxf6+ Qxf6 22. Bxf6 Kxf6 23. c5 Nd5 24. Bxa6 Bxa6 25. Rfe1 Nb4 26. Rec1 Nd3 27. Rc3 Nxb2 28. Rb1 Nc4 29. Rb4 Nd2 30. Rxa4 Ne4 31. Rc1 Bb5 32. Ra7 e5 33. Rxd7 1-0

[Event "Tirol Landesliga 2223"]
[Site "Austria"]
[Date "2022.11.26"]
[Round "3.2"]
[White "Hengl, Christian"]
[Black "Jedinger, Andreas"]
[Result "1-0"]
[WhiteElo "2161"]
[BlackElo "2099"]
[PlyCount "99"]
[EventDate "2022.10.01"]
[EventType "team-tourn"]
[EventRounds "9"]
[EventCountry "AUT"]
[SourceTitle "EXT 2024"]
[Source "ChessBase"]
[SourceDate "2023.10.10"]
[SourceVersion "1"]
[SourceVersionDate "2023.10.10"]
[SourceQuality "1"]
[WhiteTeam "Absam"]
[BlackTeam "Hall/Mils"]
[WhiteTeamCountry "AUT"]
[BlackTeamCountry "AUT"]

1. e4 g6 2. Nc3 Bg7 3. g3 c5 4. Bg2 Nc6 5. d3 e6 6. Be3 d6 7. Qd2 Bd7 8. Nge2 Nd4 9. 0-0 Ne7 10. Rae1 0-0 11. Nd1 Nxe2+ 12. Rxe2 b6 13. Bh6 Bc6 14. Bxg7 Kxg7 15. d4 Bb5 16. Rfe1 Bxe2 17. Rxe2 Rc8 18. c3 cxd4 19. Qxd4+ e5 20. Qd3 Qd7 21. Rd2 Rcd8 22. Ne3 f5 23. Nc4 fxe4 24. Qxe4 Qf5 25. Qe1 Qf6 26. Ne3 Qe6 27. b3 d5 28. Qd1 d4 29. Nc2 d3 30. Rxd3 Rxd3 31. Qxd3 Nf5 32. Bh3 Qf6 33. Nb4 e4 34. Qd2 Rd8 35. Qe1 a5 36. Nc2 Qe5 37. Bxf5 gxf5 38. Nd4 Rd6 39. Qe3 Rg6 40. Kf1 b5 41. h4 f4 42. gxf4 Qh5 43. f3 Rf6 44. Qxe4 Kf7 45. f5 Qh6 46. Ne6 Qc1+ 47. Kg2 Rh6 48. Qb7+ Kf6 49. Qg7+ Kxf5 50. Nd4+ 1-0

[Event "Stein am Rhein op 13th"]
[Site "Stein am Rhein"]
[Date "2022.10.29"]
[Round "2"]
[White "Oestreicher, Hans Ulrich"]
[Black "Jedinger, Andreas"]
[Result "1/2-1/2"]
[WhiteElo "1956"]
[BlackElo "2099"]
[PlyCount "73"]
[EventDate "2022.10.28"]
[EventType "swiss"]
[EventRounds "5"]
[EventCountry "SUI"]
[SourceTitle "EXT 2024"]
[Source "ChessBase"]
[SourceDate "2023.10.10"]
[SourceVersion "1"]
[SourceVersionDate "2023.10.10"]
[SourceQuality "1"]

1. Nf3 c5 2. g3 Nc6 3. Bg2 e5 4. d3 g6 5. c4 Bg7 6. Nc3 Nge7 7. 0-0 0-0 8. Rb1 d6 9. Bg5 f6 10. Bd2 Be6 11. a3 a5 12. Ne1 Rb8 13. Nc2 d5 14. cxd5 Nxd5 15. Ne3 Nde7 16. Ne4 b6 17. b4 cxb4 18. axb4 Nxb4 19. Bxb4 axb4 20. Rxb4 Nd5 21. Qb3 Nc7 22. Qb1 f5 23. Nc3 e4 24. Nb5 Na6 25. Ra4 Nc5 26. Ra3 exd3 27. exd3 f4 28. Nc4 f3 29. Bh1 Bd5 30. Re1 Re8 31. Rxe8+ Qxe8 32. Ne3 Bb7 33. Nd6 Qe7 34. Qa2+ Kh8 35. Nf7+ Kg8 36. Nh6+ Kh8 37. Nf7+ 1/2-1/2

[Event "Stein am Rhein op 13th"]
[Site "Stein am Rhein"]
[Date "2022.10.28"]
[Round "1"]
[White "Jedinger, Andreas"]
[Black "Lipinsky, Pierre"]
[Result "1-0"]
[WhiteElo "2099"]
[BlackElo "1512"]
[PlyCount "73"]
[EventDate "2022.10.28"]
[EventType "swiss"]
[EventRounds "5"]
[EventCountry "SUI"]
[SourceTitle "EXT 2024"]
[Source "ChessBase"]
[SourceDate "2023.10.10"]
[SourceVersion "1"]
[SourceVersionDate "2023.10.10"]
[SourceQuality "1"]

1. e4 c6 2. d4 d5 3. e5 c5 4. dxc5 Nc6 5. Nf3 e6 6. a3 Bxc5 7. b4 Bb6 8. Bd3 Nge7 9. 0-0 Ng6 10. Re1 a6 11. Bb2 Nh4 12. Nbd2 Nxf3+ 13. Nxf3 Bd7 14. Qd2 h6 15. Qf4 Qe7 16. Rad1 0-0 17. c4 dxc4 18. Qxc4 Rac8 19. Qe4 g6 20. h4 Kg7 21. h5 Be8 22. Bc1 Bd8 23. Bb1 Rg8 24. Be3 Ra8 25. Bc5 Qc7 26. hxg6 fxg6 27. Qg4 Qf7 28. Ba2 Bd7 29. Rxd7 Qxd7 30. Bxe6 Qe8 31. Bxg8 Kxg8 32. e6 Be7 33. Bxe7 Nxe7 34. Ne5 Kg7 35. Nd7 Nf5 36. Qd4+ Kh7 37. Nf6+ 1-0

[Event "Pfaeffikon Acrevis op 2nd"]
[Site "Pfaeffikon"]
[Date "2022.07.29"]
[Round "2"]
[White "Abeln, Dirk"]
[Black "Jedinger, Andreas"]
[Result "0-1"]
[WhiteElo "1668"]
[BlackElo "2104"]
[PlyCount "80"]
[EventDate "2022.07.28"]
[EventType "swiss"]
[EventRounds "6"]
[EventCountry "SUI"]
[SourceTitle "EXT 2023"]
[Source "ChessBase"]
[SourceDate "2022.10.05"]
[SourceVersion "1"]
[SourceVersionDate "2022.10.05"]
[SourceQuality "1"]

1. e4 g6 2. d4 Bg7 3. Nc3 d6 4. h3 a6 5. Be3 b5 6. a4 b4 7. Na2 a5 8. c3 bxc3 9. Nxc3 Nf6 10. Bb5+ c6 11. Bc4 0-0 12. Nge2 Na6 13. Qd2 Rb8 14. 0-0 Qc7 15. Nf4 Nb4 16. d5 cxd5 17. Bxd5 e6 18. Bb3 Ba6 19. Rfc1 Qe7 20. Bc2 Rfc8 21. Nd3 Nxc2 22. Rxc2 Nd7 23. Rac1 h5 24. g3 Kh7 25. Nb5 Rxc2 26. Rxc2 Bxb5 27. axb5 Rxb5 28. Rc7 Qd8 29. Qc2 Rc5 30. Rxd7 Qxd7 31. Nxc5 dxc5 32. Qxc5 a4 33. Qb4 Qd1+ 34. Kg2 Qc2 35. Qb7 Qxb2 36. Qxf7 a3 37. g4 hxg4 38. h4 a2 39. h5 Qf6 40. hxg6+ Qxg6 0-1

[Event "Pfaeffikon Acrevis op 2nd"]
[Site "Pfaeffikon"]
[Date "2022.07.29"]
[Round "3"]
[White "Jedinger, Andreas"]
[Black "Wunderlin, Thomas"]
[Result "1-0"]
[WhiteElo "2104"]
[BlackElo "1802"]
[PlyCount "55"]
[EventDate "2022.07.28"]
[EventType "swiss"]
[EventRounds "6"]
[EventCountry "SUI"]
[SourceTitle "EXT 2023"]
[Source "ChessBase"]
[SourceDate "2022.10.05"]
[SourceVersion "1"]
[SourceVersionDate "2022.10.05"]
[SourceQuality "1"]

1. e4 c5 2. Nf3 d6 3. d4 cxd4 4. Nxd4 Nf6 5. Nc3 a6 6. Bg5 e5 7. Nb3 Be6 8. Bxf6 Qxf6 9. Qd2 Nd7 10. 0-0-0 Qd8 11. Nd5 Nb6 12. Qb4 Bxd5 13. exd5 Rc8 14. Bd3 Be7 15. h4 0-0 16. h5 f5 17. g4 e4 18. Be2 Qc7 19. c3 Bg5+ 20. Kb1 Rce8 21. Nd4 Nxd5 22. Bc4 fxg4 23. Bxd5+ Kh8 24. Ne6 Rxe6 25. Bxe6 Rxf2 26. Qxe4 Qb6 27. Bb3 Qd8 28. Bc2 1-0

[Event "Pfaeffikon Acrevis op 2nd"]
[Site "Pfaeffikon"]
[Date "2022.07.28"]
[Round "1"]
[White "Jedinger, Andreas"]
[Black "Sala, Matteo"]
[Result "0-1"]
[WhiteElo "2104"]
[BlackElo "1708"]
[PlyCount "92"]
[EventDate "2022.07.28"]
[EventType "swiss"]
[EventRounds "6"]
[EventCountry "SUI"]
[SourceTitle "EXT 2023"]
[Source "ChessBase"]
[SourceDate "2022.10.05"]
[SourceVersion "1"]
[SourceVersionDate "2022.10.05"]
[SourceQuality "1"]

1. e4 c5 2. Be2 Nc6 3. d3 g6 4. f4 Bg7 5. Nf3 e6 6. 0-0 Nge7 7. c3 d5 8. Qe1 0-0 9. Qh4 b6 10. Na3 Ba6 11. Rd1 d4 12. c4 Nc8 13. Qh3 Nd6 14. g4 f6 15. Bd2 Bc8 16. Nc2 a5 17. Na3 Nf7 18. Nb5 Ne7 19. Qg3 Bd7 20. b3 Bxb5 21. cxb5 a4 22. b4 Qd7 23. bxc5 bxc5 24. Rdc1 Qxb5 25. Rab1 Qc6 26. Nxd4 Qd7 27. Nf3 Rfc8 28. Be3 Qd6 29. Rb5 c4 30. dxc4 Qa3 31. Qf2 Nd6 32. Nd4 Nxb5 33. Nxb5 Qxa2 34. Qe1 Qb3 35. Bd4 Nc6 36. Bc3 a3 37. Qf1 Qa4 38. Bd1 Qa6 39. c5 Na7 40. Be2 Qc6 41. Ba1 Nxb5 42. Bxb5 Qxe4 43. c6 f5 44. Bxg7 Kxg7 45. Re1 Qd4+ 46. Kh1 a2 0-1

[Event "Locarno op 7th"]
[Site "Locarno"]
[Date "2022.04.10"]
[Round "4"]
[White "Jedinger, Andreas"]
[Black "Karnaukh, Anatolij"]
[Result "1/2-1/2"]
[WhiteElo "2100"]
[BlackElo "2026"]
[PlyCount "65"]
[EventDate "2022.04.08"]
[EventType "swiss"]
[EventRounds "5"]
[EventCountry "SUI"]
[SourceTitle "CBM 207 Extra"]
[Source "ChessBase"]
[SourceDate "2022.05.31"]
[SourceVersion "1"]
[SourceVersionDate "2022.05.31"]
[SourceQuality "1"]

1. e4 e5 2. Nf3 Nc6 3. Bb5 a6 4. Ba4 Nf6 5. 0-0 Be7 6. Re1 b5 7. Bb3 d6 8. c3 0-0 9. h3 Na5 10. Bc2 c5 11. d4 Qc7 12. Nbd2 cxd4 13. cxd4 Nc6 14. d5 Nb4 15. Bb1 a5 16. a3 Na6 17. b4 Bd7 18. bxa5 Nc5 19. Nb3 Nxb3 20. Qxb3 Qxa5 21. Bd3 Qa4 22. Rb1 Rfb8 23. Qb4 Ne8 24. Rb3 Qxb4 25. axb4 Bd8 26. Be3 Bb6 27. Bxb6 Rxb6 28. Rc1 Rba6 29. Nd2 Ra3 30. Rcc3 Rxb3 31. Rxb3 Kf8 32. Nb1 Ke7 33. Ra3 1/2-1/2

[Event "Locarno op 7th"]
[Site "Locarno"]
[Date "2022.04.09"]
[Round "2"]
[White "Jedinger, Andreas"]
[Black "Jud, Marc"]
[Result "1/2-1/2"]
[WhiteElo "2100"]
[BlackElo "1774"]
[PlyCount "58"]
[EventDate "2022.04.08"]
[EventType "swiss"]
[EventRounds "5"]
[EventCountry "SUI"]
[SourceTitle "CBM 207 Extra"]
[Source "ChessBase"]
[SourceDate "2022.05.31"]
[SourceVersion "1"]
[SourceVersionDate "2022.05.31"]
[SourceQuality "1"]

1. e4 c5 2. Be2 d6 3. d3 Nc6 4. f4 e6 5. Nf3 g6 6. 0-0 Bg7 7. c3 Nge7 8. Be3 b6 9. Nbd2 0-0 10. Qe1 d5 11. e5 Qc7 12. Rc1 Bd7 13. b4 cxb4 14. cxb4 Qb8 15. Nb3 Rc8 16. Qd2 Qb7 17. Bf2 Bf8 18. g4 Nd8 19. Rxc8 Rxc8 20. Nfd4 Qc7 21. Rc1 Qb8 22. b5 Rxc1+ 23. Qxc1 Qc8 24. Qd2 Nb7 25. a4 Qc7 26. Nf3 Qd8 27. d4 Qc7 28. Bd3 Qd8 29. Kg2 Qc7 1/2-1/2

[Event "Lugano New Year op"]
[Site "Lugano"]
[Date "2022.01.03"]
[Round "3"]
[White "Jedinger, Andreas"]
[Black "Mattenberger, Dominik"]
[Result "1-0"]
[WhiteElo "2136"]
[BlackElo "1655"]
[PlyCount "67"]
[EventDate "2022.01.02"]
[EventType "swiss"]
[EventRounds "5"]
[EventCountry "SUI"]
[SourceTitle "EXT 2023"]
[Source "ChessBase"]
[SourceDate "2022.10.05"]
[SourceVersion "1"]
[SourceVersionDate "2022.10.05"]
[SourceQuality "1"]

1. e4 c5 2. Nf3 d6 3. d4 cxd4 4. Nxd4 Nf6 5. Nc3 g6 6. Be3 Bg7 7. f3 0-0 8. Qd2 Nc6 9. 0-0-0 d5 10. exd5 Nxd5 11. Nxc6 bxc6 12. Bd4 Bxd4 13. Qxd4 Qb6 14. Qe5 Rb8 15. Nxd5 cxd5 16. Rxd5 Bf5 17. Bd3 Bxd3 18. Rxd3 Rfc8 19. Rhd1 Rc5 20. Qxb8+ Qxb8 21. Rd8+ Qxd8 22. Rxd8+ Kg7 23. Rd7 Ra5 24. Rxe7 Rxa2 25. c4 Ra4 26. Re4 f5 27. Rd4 Kf6 28. Kc2 Ke5 29. Kc3 Ra1 30. Rd2 a5 31. b3 g5 32. Kb2 Re1 33. c5 Kf6 34. Kc3 1-0

[Event "Lugano op 10"]
[Site "Lugano"]
[Date "2021.10.31"]
[Round "3"]
[White "Einwiller, Dieter"]
[Black "Jedinger, Andreas"]
[Result "1/2-1/2"]
[WhiteElo "2138"]
[BlackElo "2139"]
[PlyCount "79"]
[EventDate "2021.10.29"]
[EventType "swiss"]
[EventRounds "5"]
[EventCountry "SUI"]
[SourceTitle "CBM 205 Extra"]
[Source "ChessBase"]
[SourceDate "2022.01.31"]
[SourceVersion "1"]
[SourceVersionDate "2022.01.31"]
[SourceQuality "1"]

1. e4 e5 2. Nf3 Nc6 3. Bc4 Nf6 4. d3 Be7 5. 0-0 0-0 6. Re1 d6 7. c3 Na5 8. Bb5 a6 9. Ba4 b5 10. Bc2 c5 11. Nbd2 Nc6 12. Nf1 Re8 13. Ne3 Bf8 14. h3 g6 15. Nh2 Bg7 16. Nhg4 Nxg4 17. hxg4 Be6 18. Bb3 Rc8 19. Bd5 Qh4 20. Qf3 Ne7 21. Bxe6 fxe6 22. g3 Qf6 23. Qxf6 Bxf6 24. f4 exf4 25. gxf4 b4 26. g5 Bg7 27. Bd2 bxc3 28. bxc3 Rb8 29. Rab1 d5 30. Ng4 dxe4 31. dxe4 Red8 32. Nf6+ Kf7 33. Be3 Bxf6 34. gxf6 Kxf6 35. Bxc5 Nc6 36. a4 e5 37. fxe5+ Nxe5 38. Bb6 Rdc8 39. a5 Ke6 40. Rbd1 1/2-1/2

[Event "Lugano op 10"]
[Site "Lugano"]
[Date "2021.10.31"]
[Round "4"]
[White "Jedinger, Andreas"]
[Black "Ibanez Tarradellas, Eduardo"]
[Result "1/2-1/2"]
[WhiteElo "2139"]
[BlackElo "2169"]
[PlyCount "36"]
[EventDate "2021.10.29"]
[EventType "swiss"]
[EventRounds "5"]
[EventCountry "SUI"]
[SourceTitle "CBM 205 Extra"]
[Source "ChessBase"]
[SourceDate "2022.01.31"]
[SourceVersion "1"]
[SourceVersionDate "2022.01.31"]
[SourceQuality "1"]

1. e4 d5 2. exd5 Nf6 3. d4 Nxd5 4. Nf3 g6 5. c4 Nb6 6. c5 Nd5 7. Nc3 Nxc3 8. bxc3 Bg7 9. Bc4 0-0 10. h3 Nc6 11. 0-0 e6 12. Bg5 Bf6 13. Qd2 b6 14. Qf4 Bxg5 15. Nxg5 Kg7 16. Rad1 h6 17. Nf3 Na5 18. Bb3 Bb7 1/2-1/2

[Event "Davos Summer op"]
[Site "Davos"]
[Date "2021.08.08"]
[Round "5"]
[White "Spagnoli, Benjamin"]
[Black "Jedinger, Andreas"]
[Result "0-1"]
[WhiteElo "1819"]
[BlackElo "2144"]
[PlyCount "96"]
[EventDate "2021.08.05"]
[EventType "swiss"]
[EventRounds "5"]
[EventCountry "SUI"]
[SourceTitle "EXT 2022"]
[Source "ChessBase"]
[SourceDate "2021.10.06"]
[SourceVersion "1"]
[SourceVersionDate "2021.10.06"]
[SourceQuality "1"]

1. d4 Nf6 2. Nc3 d5 3. Bf4 g6 4. e3 Bg7 5. Nf3 0-0 6. Be2 c5 7. 0-0 cxd4 8. exd4 Nc6 9. Ne5 Qb6 10. Nxc6 bxc6 11. Rb1 Nd7 12. Be3 Ba6 13. Re1 Rfe8 14. Qd2 Bxe2 15. Nxe2 Qa6 16. b3 e5 17. c3 Rad8 18. a4 Qb7 19. Bh6 c5 20. Bxg7 Kxg7 21. h3 Qc6 22. Rbd1 a5 23. Ng3 h6 24. f4 exd4 25. cxd4 c4 26. Rc1 Rxe1+ 27. Qxe1 Qb6 28. bxc4 Qxd4+ 29. Kh2 Qxf4 30. cxd5 Nf6 31. Qc3 Rxd5 32. Rf1 Qe5 33. Qxe5 Rxe5 34. Rf4 h5 35. Nf1 Re4 36. Rxe4 Nxe4 37. Ne3 Nd6 38. Nd5 g5 39. Kg3 f6 40. h4 Nf5+ 41. Kf3 Nxh4+ 42. Kf2 Nf5 43. Kf3 Kf7 44. Ke4 Nd6+ 45. Kd3 h4 46. Ne3 Ke6 47. Nc2 Kd5 48. Nd4 Ne4 0-1

[Event "Basel Special op"]
[Site "Basel"]
[Date "2021.07.20"]
[Round "6"]
[White "Stojanovic, Mihajlo"]
[Black "Jedinger, Andreas"]
[Result "1-0"]
[WhiteElo "2494"]
[BlackElo "2117"]
[PlyCount "57"]
[EventDate "2021.07.17"]
[EventType "swiss"]
[EventRounds "6"]
[EventCountry "SUI"]
[SourceTitle "CBM 203 Extra"]
[Source "ChessBase"]
[SourceDate "2021.09.30"]
[SourceVersion "1"]
[SourceVersionDate "2021.09.30"]
[SourceQuality "1"]

1. Nf3 Nf6 2. c4 g6 3. Nc3 d5 4. cxd5 Nxd5 5. e4 Nxc3 6. dxc3 Qxd1+ 7. Kxd1 Bg7 8. Bc4 Nd7 9. Bf4 e5 10. Be3 Nb6 11. Bb3 f6 12. a4 a5 13. Nd2 Nd7 14. Kc2 Bf8 15. Be6 Bd6 16. Nc4 Ke7 17. Nxd6 Kxe6 18. Nb5 Rb8 19. Nxc7+ Kd6 20. Nb5+ Ke7 21. Rhd1 b6 22. Rd6 Bb7 23. f3 Rhc8 24. Rad1 Nc5 25. Bxc5 bxc5 26. Rd7+ Kf8 27. Rxh7 f5 28. Rdd7 Bc6 29. Rh8# 1-0

[Event "Chiasso 2days op"]
[Site "Chiasso"]
[Date "2020.10.25"]
[Round "5"]
[White "Landmann, Alon"]
[Black "Jedinger, Andreas"]
[Result "0-1"]
[WhiteElo "1853"]
[BlackElo "2127"]
[PlyCount "78"]
[EventDate "2020.10.24"]
[EventType "swiss"]
[EventRounds "5"]
[EventCountry "SUI"]
[SourceTitle "EXT 2022"]
[Source "ChessBase"]
[SourceDate "2021.10.06"]
[SourceVersion "1"]
[SourceVersionDate "2021.10.06"]
[SourceQuality "1"]

1. e4 e5 2. Nf3 Nc6 3. Bb5 Nge7 4. 0-0 g6 5. d4 exd4 6. Nxd4 Bg7 7. Be3 0-0 8. c3 d5 9. Bxc6 bxc6 10. Nd2 c5 11. N4b3 d4 12. cxd4 cxd4 13. Bf4 d3 14. Rb1 Nc6 15. Qc1 Ne5 16. Qc5 Qd6 17. Qxd6 cxd6 18. Rfc1 Be6 19. Rc3 Rfd8 20. Bxe5 dxe5 21. a3 Bh6 22. Rd1 Rab8 23. Kf1 Bxd2 24. Nxd2 Rxb2 25. Ke1 Rc2 26. Rxc2 dxc2 27. Rc1 Rc8 28. Nf3 Bb3 29. Ke2 Rd8 30. Nd2 Ba4 31. g3 g5 32. h4 gxh4 33. gxh4 f6 34. Ke3 Kf7 35. Rg1 Bb5 36. Rc1 Rd3+ 37. Ke2 Rxa3+ 38. Ke1 Rh3 39. Nb3 Rxb3 0-1

[Event "Chiasso 2days op"]
[Site "Chiasso"]
[Date "2020.10.24"]
[Round "2"]
[White "Jedinger, Andreas"]
[Black "Mamalis, Prokopios2"]
[Result "1/2-1/2"]
[WhiteElo "2127"]
[BlackElo "1846"]
[PlyCount "48"]
[EventDate "2020.10.24"]
[EventType "swiss"]
[EventRounds "5"]
[EventCountry "SUI"]
[SourceTitle "EXT 2022"]
[Source "ChessBase"]
[SourceDate "2021.10.06"]
[SourceVersion "1"]
[SourceVersionDate "2021.10.06"]
[SourceQuality "1"]

1. e4 e6 2. d4 d5 3. Nc3 dxe4 4. Nxe4 Bd7 5. Nf3 Bc6 6. Bd3 Nd7 7. Ned2 Ngf6 8. c4 Be7 9. 0-0 0-0 10. Re1 Bxf3 11. Qxf3 c6 12. Qh3 Re8 13. Nf3 Nf8 14. Bg5 Qb6 15. b3 Rad8 16. Rad1 c5 17. dxc5 Qxc5 18. Be3 Qa3 19. Bb1 Bb4 20. Rf1 Bc5 21. Nd4 Qa5 22. Qf3 Qb6 23. Nc2 Bxe3 24. Qxe3 Qa5 1/2-1/2

[Event "Chiasso 2days op"]
[Site "Chiasso"]
[Date "2020.10.24"]
[Round "1"]
[White "Pierpaoli, Francesco"]
[Black "Jedinger, Andreas"]
[Result "0-1"]
[WhiteElo "1743"]
[BlackElo "2127"]
[PlyCount "74"]
[EventDate "2020.10.24"]
[EventType "swiss"]
[EventRounds "5"]
[EventCountry "SUI"]
[SourceTitle "EXT 2022"]
[Source "ChessBase"]
[SourceDate "2021.10.06"]
[SourceVersion "1"]
[SourceVersionDate "2021.10.06"]
[SourceQuality "1"]

1. e4 e5 2. Nf3 Nc6 3. Bb5 Nge7 4. d4 exd4 5. Nxd4 Nxd4 6. Qxd4 Nc6 7. Qd3 a6 8. Ba4 d6 9. Nc3 Be7 10. Bf4 0-0 11. 0-0 b5 12. Bb3 Na5 13. Nd5 Be6 14. Rac1 Rc8 15. c4 Nxb3 16. Qxb3 Bg5 17. Bxg5 Qxg5 18. Qe3 Qd8 19. cxb5 axb5 20. a3 Re8 21. Qd4 c6 22. Ne3 Qe7 23. Rfd1 Red8 24. Qb4 h6 25. Rd2 Rd7 26. Rcd1 Rcd8 27. h3 Qh4 28. Rxd6 Rxd6 29. Rxd6 Rxd6 30. Qxd6 Qxe4 31. Qd8+ Kh7 32. Qd2 g6 33. Qc3 c5 34. Qxc5 Qb1+ 35. Kh2 Qxb2 36. Kg1 Qe2 37. Nd5 Qd1+ 0-1

[Event "AUT-chT2W 2021"]
[Site "Austria"]
[Date "2020.10.10"]
[Round "2.4"]
[White "Jedinger, Andreas"]
[Black "Ciolek, Andreas"]
[Result "0-1"]
[WhiteElo "2127"]
[BlackElo "2230"]
[PlyCount "72"]
[EventDate "2020.10.09"]
[EventType "team-tourn"]
[EventRounds "11"]
[EventCountry "AUT"]
[SourceTitle "CBM 199 Extra"]
[Source "ChessBase"]
[SourceDate "2021.01.31"]
[SourceVersion "1"]
[SourceVersionDate "2021.01.31"]
[SourceQuality "1"]
[WhiteTeam "Rochade Rum"]
[BlackTeam "Schach ohne Grenzen"]
[WhiteTeamCountry "AUT"]
[BlackTeamCountry "AUT"]

1. e4 g6 2. d4 Bg7 3. Nc3 d6 4. h3 a6 5. Be3 b5 6. a4 b4 7. Na2 Nf6 8. Bd3 Bb7 9. f3 a5 10. c3 bxc3 11. Nxc3 0-0 12. Nge2 Na6 13. Rc1 Nb4 14. Bb1 Nd7 15. 0-0 Rc8 16. Na2 c5 17. Nxb4 axb4 18. Bd3 Qa5 19. b3 Ba6 20. Bxa6 Qxa6 21. Qd2 Rc7 22. Nf4 e6 23. dxc5 Nxc5 24. Qxb4 g5 25. Nh5 Nd3 26. Qd2 Nxc1 27. Rxc1 Rxc1+ 28. Qxc1 Rc8 29. Qe1 Bc3 30. Qg3 h6 31. Qf2 Qd3 32. h4 Be5 33. f4 gxf4 34. Nxf4 Qb1+ 35. Kh2 Qxe4 36. Kh3 Rc3 0-1

[Event "Erfurt op-A 29th"]
[Site "Erfurt"]
[Date "2019.12.27"]
[Round "3"]
[White "Jedinger, Andreas"]
[Black "Rahimi, Rahim"]
[Result "1/2-1/2"]
[WhiteElo "2117"]
[BlackElo "1945"]
[PlyCount "81"]
[EventDate "2019.12.26"]
[EventType "swiss"]
[EventRounds "8"]
[EventCountry "GER"]
[SourceTitle "CBM 194 Extra"]
[Source "ChessBase"]
[SourceDate "2020.03.31"]
[SourceVersion "1"]
[SourceVersionDate "2020.03.31"]
[SourceQuality "1"]

1. e4 d5 2. exd5 Qxd5 3. Nf3 Nf6 4. d4 c6 5. c4 Qd6 6. Nc3 Bg4 7. Be2 Nbd7 8. 0-0 e6 9. Re1 Be7 10. Be3 0-0 11. Qd2 e5 12. Nxe5 Nxe5 13. dxe5 Qxe5 14. Bf4 Qc5 15. Bxg4 Nxg4 16. Bg3 Bg5 17. Qe2 Nf6 18. Qe5 Qxe5 19. Rxe5 Bd2 20. Ne4 Nxe4 21. Rxe4 Rfe8 22. Rxe8+ Rxe8 23. Kf1 f5 24. Rd1 Ba5 25. f3 Rd8 26. Rxd8+ Bxd8 27. Ke2 Kf7 28. Kd3 Ke6 29. h3 Bf6 30. b3 Be5 31. Bf2 a6 32. Be3 h6 33. Bf2 g5 34. g4 b5 35. Bc5 fxg4 36. fxg4 Bd6 37. Bxd6 Kxd6 38. cxb5 cxb5 39. Kd4 a5 40. a3 Kc6 41. b4 1/2-1/2